LEADER 01744oam 2200469zu 450 001 996208430603316 005 20210807004150.0 010 $a0-7695-4014-7 035 $a(CKB)3360000000370383 035 $a(SSID)ssj0001004469 035 $a(PQKBManifestationID)12450036 035 $a(PQKBTitleCode)TC0001004469 035 $a(PQKBWorkID)11046150 035 $a(PQKB)10977729 035 $a(EXLCZ)993360000000370383 100 $a20160829d2010 uy 101 0 $aeng 181 $ctxt 182 $cc 183 $acr 200 10$a2010 International Conference on Intelligent Computing and Cognitive Informatics : ICICCI 2010 : 22-23 June 2010, Kuala Lumpur, Malaysia 210 31$a[Place of publication not identified]$cIEEE Computer Society$d2010 300 $aBibliographic Level Mode of Issuance: Monograph 517 1 $aIntelligent computing and cognitive informatics (ICICCI) 606 $aComputational intelligence$vCongresses 606 $aNeural computers$vCongresses 606 $aCognitive science$vCongresses 606 $aEngineering & Applied Sciences$2HILCC 606 $aComputer Science$2HILCC 615 0$aComputational intelligence 615 0$aNeural computers 615 0$aCognitive science 615 7$aEngineering & Applied Sciences 615 7$aComputer Science 702 $aGong$b Mingmin 712 02$aIEEE Computer Society 712 12$aInternational Conference on Intelligent Computing and Cognitive Informatics 801 0$bPQKB 906 $aPROCEEDING 912 $a996208430603316 996 $a2010 International Conference on Intelligent Computing and Cognitive Informatics : ICICCI 2010 : 22-23 June 2010, Kuala Lumpur, Malaysia$92351575 997 $aUNISA LEADER 01274nam--2200289---450 001 9910410155403321 005 20231016124539.0 012 $ar.a. a.e. s.m. e.m. (C) 1824 (Q)$2fei$5IT-NA0338: O b 24 100 $a20200723f1824----km-y0itay50------ba 101 0 $alat 102 $aIT 140 $aa-----------------bb0------- 200 1 $aSelectus Seminum ex collectione 1824, quae in Horto Regio Neapolitano pro mutua commutatione offeruntur$f[Michele Tenore] 210 $a[Napoli$d1824] 215 $a8 p.$d4° 306 $aLa data di pubblicazione si ricava dal titolo 312 $aTit. dall'intitolazione 316 $aLegatura in pelle marrone con cornice e stemma dei Borbone dorati sui piatti$uhttp://www.bnnonline.it/index.php?it/324/possessori/possessori_508e7ec2a179d/106$5IT-NA0338: O b 24 700 1$aTenore,$bMichele$f<1780-1861>$038409 801 0$aIT$bUNINA$gREICAT$2UNIMARC 856 4 $zVisualizza la versione elettronica in SBNWeb$uhttp://www.ortobotanico.unina.it/Catalogo_P/1824/Index_1824.pdf$e20200723 901 $aAQ 912 $a9910410155403321 952 $aO b 24$b5770$fDBV 959 $aDBV 996 $aSelectus Seminum ex collectione 1824, quae in Horto Regio Neapolitano pro mutua commutatione offeruntur$91753814 997 $aUNINA